Mali : Technical Assistance Report-Tax Policy-Diagnostic Assessment.

This paper presents a diagnostic assessment of the tax policy of Mali. The diagnostic assessment looks at the country's main taxes and levies; it is supplemented by a second report on the mining and petroleum sector. Tax revenues represented 15.37 percent of GDP in 2013, up slightly from the 20...

Description complète

Détails bibliographiques
Collectivité auteur: International Monetary Fund. Fiscal Affairs Dept
Format: Revue
Langue:English
Publié: Washington, D.C. : International Monetary Fund, 2016.
Collection:IMF Staff Country Reports; Country Report ; No. 2016/083
Accès en ligne:Full text available on IMF
LEADER 01764cas a2200241 a 4500
001 AALejournalIMF016702
008 230101c9999 xx r poo 0 0eng d
020 |c 5.00 USD 
020 |z 9781513596822 
022 |a 1934-7685 
040 |a BD-DhAAL  |c BD-DhAAL 
110 2 |a International Monetary Fund.  |b Fiscal Affairs Dept. 
245 1 0 |a Mali :   |b Technical Assistance Report-Tax Policy-Diagnostic Assessment. 
264 1 |a Washington, D.C. :  |b International Monetary Fund,  |c 2016. 
300 |a 1 online resource (54 pages) 
490 1 |a IMF Staff Country Reports 
500 |a <strong>Off-Campus Access:</strong> No User ID or Password Required 
500 |a <strong>On-Campus Access:</strong> No User ID or Password Required 
506 |a Electronic access restricted to authorized BRAC University faculty, staff and students 
520 3 |a This paper presents a diagnostic assessment of the tax policy of Mali. The diagnostic assessment looks at the country's main taxes and levies; it is supplemented by a second report on the mining and petroleum sector. Tax revenues represented 15.37 percent of GDP in 2013, up slightly from the 2012 level (14.87 percent). The revenue structure has scarcely changed since the last general assessment mission conducted in 2011, and the analysis performed then remains relevant now. Mali's corporate income tax and tax on industrial and commercial profits (IS-BIC) are in compliance with the West African Economic and Monetary Union harmonization directives. The IS-BIC rate is 30 percent. 
538 |a Mode of access: Internet 
830 0 |a IMF Staff Country Reports; Country Report ;  |v No. 2016/083 
856 4 0 |z Full text available on IMF  |u http://elibrary.imf.org/view/journals/002/2016/083/002.2016.issue-083-en.xml  |z IMF e-Library